000 00766nab a2200241 u 4500
001 17539
003 HDC
007 cr bn ---aaaaa
008 210223c mydr|noo 0 a may d
040 _aHDC
245 0 _aProduk halal Malaysia punyai potensi di Teluk
260 _aMalaysia :
_bUtusan Malaysia,
_c2002
336 _atext
_2rdacontent
337 _acomputer
_2rdamedia
338 _aonline resource
_2rdacarrier
650 _ahalal industry
_9144
650 _ahalal product
_948
710 _aUtusan Malaysia
856 _zRequest full-text at [email protected]
942 _2lcc
942 _cNEWS
942 _kNWSO 008694
999 _c14855
_d14855